| 000 | 00845nam a2200229Ia 4500 | ||
|---|---|---|---|
| 001 | 11167 | ||
| 003 | GE_BSU | ||
| 008 | 181216s||||||||xx |||||||||||||| ||und|| | ||
| 040 | _cGE_BSU | ||
| 080 | _a631.6(075.8) | ||
| 100 | _aჩხენკელი,ი.ა. | ||
| 245 | _aსასოფლო-სამეურნეო მელიორაცია. | ||
| 245 | _cრედ:ი.ლ.ჯაში | ||
| 250 | _aმესამე გადამუშავებული გამოცემა. | ||
| 260 | _aთბილისი. | ||
| 260 | _bსასოფლო-სამეურნეო ინ-ტის გამ-ბა. | ||
| 260 | _c1955. | ||
| 300 | _a278გვ;23სმ. | ||
| 300 | _eილ;ცხრ. | ||
| 653 | _aსასოფლო-სამეურნეო მელიორაცია. | ||
| 942 | _cBK | ||
| 999 |
_c44402 _d44402 |
||